00341 2200145 4500001002100000005001500021035002000036245004500056100001800101300001100119260003100130082000800161084001400169990001200183INLIS00000000000230620250528084812 a0010-05250005981 a90 Menit Bersama Sartre /cPaul Stratern0 aPaul Stratern a88 hlm aJakarta :bErlangga,c2001 a100 a100 PAU s a0713090